Mecanismos procesales contemporǹeos en la justicia administrativa

Bibliographic Details
Main Author: Da̕z Lp̤ez, Rosa Mara̕
Format: eBook
Language:Spanish
Published: Ciudad de Mx̌ico: Editorial vLex, 2020
Subjects:
Online Access:Acceso restringido

MARC

LEADER 00000nam a22000007a 4500
005 20200422171652.0
007 cr|||| ||||
008 200422s2020 mx |||||s|||| 00||0 spa d
020 |a 978-607-8685-20-2 
035 |a 31378 
040 |a vLex 
090 |c 10336  |d 10336 
100 1 |a Da̕z Lp̤ez, Rosa Mara̕ 
245 1 0 |a Mecanismos procesales contemporǹeos en la justicia administrativa  |h [Recurso electrn̤ico] /  |c Rosa Mara̕ Da̕z Lp̤ez 
256 |a Servicio en ln̕ea 
260 |a Ciudad de Mx̌ico:  |b Editorial vLex,  |c 2020 
300 |a 1 recurso electrn̤ico 
506 1 |a Disponible solo en los productos indicados  |d vLex Global  |d vLex Global (Academic Edition, excluding Law Schools)  |d vLex Global (U.S. Academic Edition, Law Schools)  |d vLex Global (U.S. Academic Edition, excluding Law Schools)  |d vLex Global (Academic Edition, Law Schools) 
650 0 4 |a Derecho Pb︢lico y Administrativo  |z Mx̌ico 
650 0 4 |a Procedimiento Contencioso-Administrativo  |z Mx̌ico 
740 0 |a vLex Libros (Servicio en ln̕ea) 
856 4 0 |u http://vlex.com/source/mecanismos-procesales-contemporaneos-en-la-justicia-administrativa-31378  |z Acceso restringido 
942 |c BOOK 
999 0 |a Public and Administrative Law 
999 0 |a Contentious-Administrative Procedure